Normal view
MARC view
- Iqbal S. Hussain, Dr
Entry Personal Name
001 - CONTROL NUMBER
- control field: 116199
003 - CONTROL NUMBER IDENTIFIER
- control field: NUST
005 - DATE AND TIME OF LATEST TRANSACTION
- control field: 20230912165909.0
008 - FIXED-LENGTH DATA ELEMENTS
- fixed length control field: 230912|| aca||aabn | a|a d
040 ## - CATALOGING SOURCE
- Original cataloging agency: NUST
- Transcribing agency: NUST
100 ## - HEADING--PERSONAL NAME
- Personal name: Iqbal S. Hussain, Dr
670 ## - SOURCE DATA FOUND
- Source citation: Work cat.: (NUST): Iqbal S. Hussain, Dr, The Decline of the Muslim Ummah /, 2007
